| 000 | 00572nam a2200181 a 4500 | ||
|---|---|---|---|
| 001 | 000376066 | ||
| 003 | AM-YeHGA | ||
| 005 | 20250617132027.0 | ||
| 008 | 041101s1936 ai 000 | arm d | ||
| 040 | _aAM-YeHGA | ||
| 041 | 1 | _aarm | |
| 245 | 1 | 0 |
_aՀրդեհ / _cՍ. Մարշակ; Նկ.՝ Վ. Կանաշևիչ. |
| 260 |
_aՅերևան : _bՊետհրատ, _c1936. |
||
| 300 |
_a[6] էջ : _bգուն. նկ. ; _c21 սմ. |
||
| 650 | 1 | 4 |
_aՌուս մանկական գրականություն _xՊոեզիա |
| 700 | 1 |
_aԿանաշևիչ, Վ. _eնկ. _4ill |
|
| 090 | _c145095 | ||
| 999 |
_c143714 _d143714 |
||